000 01460nam a2200313 a 4500
001 BRCA_3103
005 20190320204119.0
008 280109s1844----fr-a---###---#000-0#fre-u
041 _afre
044 _afr
084 _a408
_b.L448
_c1844
100 1 _aCervantes Saavedra, Miguel de
_d1547-1616
_9213
245 1 0 _aHistoire de Don Quichotte de la Manche
_cpar Michel de Cervantes.
260 _aParís
_bP.C. Lehuby
_c1844
300 _aviii, 488 p.
_bil.
_c20 cm.
500 _aContenido : Advertencia del editor. Noticia historica y literaria de Cervantes. Texto. Segunda parte. Texto. Tercera parte (continuación por Filleau de Saint-Martin)
500 _aEdición : Nouvelle edition revue et corrigée par L´Abbé Lejeune chanoine, Prof. a la Fac, de Théologie de Rouen. Illustrée de 20 grands dessins. Par Célestin Nanteuil, Bouchot et Demoraine
500 _aEdición similar al LO-407 del mismo editor. Piel; lomo y planos decorados con dorados Lúdovik Osterc
500 _aQM332A
546 _aTexto en : francés
650 1 4 _aNovela española
_yÉpoca clásica, 1500-1700
_9215
650 1 4 _aLiteratura española
_yÉpoca clásica, 1500-1700
_9216
650 1 4 _aNovela española
_ySiglo XVII
_9217
650 1 4 _aDon Quijote (Personaje ficticio)
_eNovela
_9218
700 1 _aSaint-Martin, Francois Filleau de
_d1632-1695
_eTraductor
_98454
740 0 _aEl Ingenioso Hidalgo Don Quijote de la Mancha
902 _aQFM
942 _2lcc
_cB
999 _c2839
_d2839